[Event "IBM-B"]
[Site "Amsterdam"]
[Date "1971.??.??"]
[Round "11"]
[White "Minic, Dragoljub"]
[Black "Zuidema, Coenraad"]
[Result "1/2-1/2"]
[WhiteElo "2490"]
[BlackElo "2430"]

1.e4 e5 2.Nf3 Nc6 3.Bb5 a6 4.Ba4 Nf6 5.O-O Be7 6.Re1 b5 7.Bb3 d6 8.c3 O-O
9.h3 Nb8 10.d4 Nbd7 11.Nbd2 Bb7 12.Bc2 Re8 13.b4 Bf8 14.a4 c6 15.Bb2 Rc8
16.axb5 cxb5 17.d5 Nb6 18.Bb3 Nh5 19.g3 g6 20.Rc1 Bh6 21.Rc2 Rc7 22.Kg2 Nc4
23.Bc1 Qd7 24.Nxc4 bxc4 25.Ba4 Qxa4 26.Bxh6 f6 27.g4 Ng7 28.Kh2 Ra8 29.Rb2 Qxd1
30.Rxd1 Ne8 31.Be3 f5 32.Bb6 fxe4 33.Ng5 Rd7 34.Nxe4 h6 35.Be3 Kg7 36.f4 Nc7
37.Rbd2 exf4 38.Bxf4 Nb5 39.Rf1 g5 40.Be3 Rf7 41.Bd4+  1/2-1/2

[Event "Novy Smokovec"]
[Site "Novy Smokovec"]
[Date "1971.??.??"]
[Round "12"]
[White "Privara, Igor"]
[Black "Vogt, Lothar"]
[Result "1/2-1/2"]
[WhiteElo "2200"]
[BlackElo "2390"]

1.e4 e5 2.Nf3 Nc6 3.Bb5 a6 4.Ba4 Nf6 5.O-O Be7 6.Re1 b5 7.Bb3 d6 8.c3 O-O
9.h3 Nb8 10.d3 Nbd7 11.Nbd2 Bb7 12.Nf1 Nc5 13.Bc2 Re8 14.Ne3 Bf8 15.b4 Ncd7
16.Bb3 h6 17.Bd2 c6 18.c4 Nb6 19.Nf5 bxc4 20.dxc4 c5 21.bxc5 dxc5 22.Ba5 Qxd1
23.Raxd1 Re6 24.Nd2 g6 25.Ng3 Nc8 26.Nb1 Na7 27.Ba4 Bc6 28.Nc3 Bxa4 29.Nxa4 Rb8
30.f3 Rb7 31.Nf1 Nc6 32.Bc3 Nd4 33.Ne3 Bd6 34.Rb1 Ree7 35.Kf2 Kf8 36.Red1 Red7
37.Nb6 Rd8 38.Rd2 Rdb8 39.Rdb2 Ke8 40.Nbd5 Rxb2+ 41.Rxb2 Rxb2+ 42.Bxb2 Nd7
43.Ng4 h5 44.Ngf6+ Nxf6 45.Nxf6+ Ke7 46.Nd5+ Kd7 47.Ke3 Bf8 48.Kd3 Kd6 49.Bxd4 cxd4
50.f4 exf4 51.Nxf4 Ke5 52.Ne2 Bc5 53.Ng1 Kf4  1/2-1/2

[Event "Hoogovens-B"]
[Site "Wijk aan Zee"]
[Date "1971.??.??"]
[Round "?"]
[White "Minic, Dragoljub"]
[Black "Forintos, Gyozo V"]
[Result "1/2-1/2"]
[WhiteElo "2490"]
[BlackElo "2500"]

1.e4 e5 2.Nf3 Nc6 3.Bb5 a6 4.Ba4 Nf6 5.O-O Be7 6.Re1 b5 7.Bb3 d6 8.c3 O-O
9.h3 Nb8 10.d4 Nbd7 11.Nbd2 Bb7 12.Bc2 Re8 13.b4 a5 14.bxa5 Rxa5 15.Bb2 Bf8
16.dxe5 Nxe5 17.Nxe5 dxe5 18.a4 bxa4 19.Rxa4 Rxa4 20.Bxa4 Re6 21.Qc2  1/2-1/2

[Event "URS-chT Moscow"]
[Site "Moscow"]
[Date "1972.??.??"]
[Round "?"]
[White "Suetin, Alexey S"]
[Black "Podgaets, Mikhail"]
[Result "1/2-1/2"]
[WhiteElo "2550"]
[BlackElo "2485"]

1.e4 e5 2.Nf3 Nc6 3.Bb5 a6 4.Ba4 Nf6 5.O-O Be7 6.Re1 b5 7.Bb3 d6 8.c3 O-O
9.h3 Nb8 10.d4 Nbd7 11.Nh4 Nb6 12.Nf5 Bxf5 13.exf5 exd4 14.cxd4 c5 15.Nc3 c4
16.Bc2 b4 17.Na4 Nxa4 18.Bxa4 d5 19.Bg5 Ra7 20.Re2 h6 21.Bh4 Ne4 22.Bxe7 Rxe7
23.Qe1 c3 24.bxc3 Rc7 25.cxb4 Nc3 26.Bb3 Nxe2+ 27.Qxe2 Qd6 28.Qe5 Rd8 29.Qxd6 Rxd6
30.Re1 Kf8 31.Re5 Rc3 32.Rxd5 Rxd5 33.Bxd5 Rd3 34.Bb7 Rxd4 35.f6 Rxb4 36.fxg7+ Kxg7
37.Bxa6 Ra4 38.Bb7 Rxa2 39.Bd5 Rd2 40.Be4 Kf6 41.Bf3 Ke5 42.Ba8 Kd4 43.Bf3 f5
44.Bb7 Rb2 45.Bc6 Kd3 46.Bd7 f4 47.Bc6 Ke2 48.Bf3+ Ke1 49.Kh2 Kxf2 50.Ba8 Rb3
51.Bd5 Ra3 52.Bb7 Ke3 53.Bf3 Kd4 54.Bb7 Ke5 55.Bf3 Ke6 56.Be4  1/2-1/2

[Event "URS-chT Moscow"]
[Site "Moscow"]
[Date "1972.??.??"]
[Round "?"]
[White "Levitina, Irina S"]
[Black "Saunina, Ludmila"]
[Result "1/2-1/2"]
[WhiteElo "2315"]
[BlackElo "2295"]

1.e4 e5 2.Nf3 Nc6 3.Bb5 a6 4.Ba4 Nf6 5.O-O Be7 6.Re1 b5 7.Bb3 d6 8.c3 O-O
9.h3 Nb8 10.d4 Nbd7 11.c4 Bb7 12.Nc3 c6 13.c5 Qc7 14.cxd6 Bxd6 15.Bg5 c5
16.dxe5 Bxe5 17.Nxe5 Qxe5 18.f4 Qd4+ 19.Qxd4 cxd4 20.Nd5 Bxd5 21.Bxd5 Nxd5
22.exd5 f6 23.Bh4 Nb6 24.Rad1 Rfd8 25.Rxd4 Rxd5 26.Red1 Rad8 27.Bf2 f5 28.g4 fxg4
29.hxg4 g6 30.Kg2 Kf7 31.Kf3 R8d7 32.Rxd5 Nxd5 33.Rd4 Ke6 34.Bh4 Nb6 35.Rxd7 Nxd7
36.Ke4 Nf6+ 37.Bxf6 Kxf6 38.g5+ Ke6 39.b4 Kd6 40.f5 gxf5+ 41.Kxf5 Ke7 42.Kg4 Kf7
43.Kf5 Kg7 44.Kf4 Kf7  1/2-1/2

[Event "Rubinstein mem"]
[Site "Polanica Zdroj"]
[Date "1972.??.??"]
[Round "6"]
[White "Vasiukov, Evgeni"]
[Black "Kostro, Jerzy"]
[Result "1/2-1/2"]
[WhiteElo "2575"]
[BlackElo "2390"]

1.e4 e5 2.Nf3 Nc6 3.Bb5 a6 4.Ba4 Nf6 5.O-O Be7 6.Re1 b5 7.Bb3 O-O 8.c3 d6
9.h3 Nb8 10.d4 Nbd7 11.Nbd2 Bb7 12.Bc2 Re8 13.b4 exd4 14.cxd4 a5 15.bxa5 c5
16.e5 dxe5 17.dxe5 Nd5 18.Ne4 Nb4 19.Bb1 Rxa5 20.Bd2 Nf8 21.Bxb4 Qxd1 22.Rxd1 cxb4
23.Nd4 Rd8 24.Bc2 Ng6 25.Nf5 Rxd1+ 26.Rxd1 Bf8 27.Ned6 Bc6 28.Re1 Bxd6 29.exd6 Rxa2
30.Nd4 Bd7 31.Bf5  1/2-1/2

[Event "Rubinstein mem"]
[Site "Polanica Zdroj"]
[Date "1972.??.??"]
[Round "11"]
[White "Vasiukov, Evgeni"]
[Black "Smejkal, Jan"]
[Result "1/2-1/2"]
[WhiteElo "2575"]
[BlackElo "2545"]

1.e4 e5 2.Nf3 Nc6 3.Bb5 a6 4.Ba4 Nf6 5.O-O Be7 6.Re1 b5 7.Bb3 d6 8.c3 O-O
9.h3 Nb8 10.d4 Nbd7 11.Nbd2 Bb7 12.Bc2 Re8 13.b4 Bf8 14.a4 Nb6 15.a5 Nbd7
16.Bb2 Qb8 17.Rb1 c5 18.bxc5 dxc5 19.dxe5 Nxe5 20.Nxe5 Qxe5 21.c4 Qf4 22.Bxf6 Qxf6
23.cxb5 Red8 24.Qc1 axb5 25.Rxb5 Ba6 26.Rb6 Qc3 27.Nb3 g6 28.e5 Bh6 29.Qb1 c4
30.Nc5 Qxa5 31.Ne4 Bc8 32.Nd6 Ra6 33.Rb8 Be6 34.Re4 Bf8 35.Rxd8 Qxd8 36.Nxc4 Qc7
37.Bd3 Rc6 38.Qf1 Bf5 39.Rf4 Be6 40.Qe2 Bg7  1/2-1/2

[Event "Skopje ol (Men) prel"]
[Site "Skopje"]
[Date "1972.??.??"]
[Round "2"]
[White "Trois, Francisco RT"]
[Black "Wade, Robert Graham"]
[Result "1/2-1/2"]
[WhiteElo "2500"]
[BlackElo "2375"]

1.e4 e5 2.Nf3 Nc6 3.Bb5 a6 4.Ba4 Nf6 5.O-O Be7 6.Re1 b5 7.Bb3 d6 8.c3 O-O
9.h3 Nb8 10.d4 Nbd7 11.c4 c6 12.Bg5 h6 13.Bh4 Nh5 14.Bxe7 Qxe7 15.cxb5 axb5
16.Nc3 Rb8 17.Rc1 Nf4 18.Ne2 Nxe2+ 19.Rxe2 c5 20.dxe5 Nxe5 21.Nxe5 Qxe5 22.Bd5 Be6
23.Bxe6 Qxe6 24.a3 b4 25.e5 dxe5 26.Rxc5 bxa3 27.bxa3 Qa6 28.Rcxe5 Qxa3  1/2-1/2

[Event "Skopje ol (Men) prel"]
[Site "Skopje"]
[Date "1972.??.??"]
[Round "3"]
[White "Tringov, Georgi P"]
[Black "Ree, Hans"]
[Result "1/2-1/2"]
[WhiteElo "2460"]
[BlackElo "2480"]

1.e4 e5 2.Nf3 Nc6 3.Bb5 a6 4.Ba4 Nf6 5.O-O Be7 6.Re1 b5 7.Bb3 d6 8.c3 O-O
9.h3 Nb8 10.d4 Nbd7 11.Nbd2 Bb7 12.Bc2 Re8 13.b4 Bf8 14.a4 Nb6 15.a5 Nbd7
16.Bb2 g6 17.c4 bxc4 18.d5 c6 19.dxc6 Bxc6 20.Nxc4 Qb8 21.Ba4 Rc8 22.Bb3 h6
23.Qb1 Qxb4 24.Ba3 Qb8 25.Qa2 Nxe4 26.Ne3 Kg7 27.Bxf7 Ndf6 28.Rec1 Qa7 29.Bc4 Rab8
30.Bd3 Be8 31.Ng4 Bf7 32.Qe2 Nxg4 33.hxg4 Nc3 34.Qe1 Nd5 35.g5 h5 36.Rxc8 Rxc8
37.Rc1 Rxc1 38.Qxc1 Qc7 39.Qe1 Qc6 40.Nxe5 Qe8 41.Nf3 Qxe1+ 42.Nxe1 Nc7 43.Nc2 Bd5
44.Ne3 Bc6 45.g4 hxg4 46.Nxg4 Be8 47.f4 Be7 48.Kf2 Kf7 49.Bb2 Bd8 50.Bf6 Bxf6
51.Nxf6 Bb5 52.Bc2 Bc4 53.Ne4 Nb5 54.Nd2 Bd5 55.Bd3 Bc6 56.Nb3 Kg7 57.Nd2 Kf7
58.Nf3 Be8 59.Nh4 Kg7 60.f5 gxf5 61.Nxf5+ Kf8 62.Bxb5 Bxb5 63.Nxd6 Bc6 64.Ke3 Kg7
65.Nc4 Bb5 66.Ne5 Bf1 67.Kd4 Bg2 68.Nd3 Bf1 69.Nf4 Bb5 70.Ke5 Ba4 71.Kd6 Bb5
72.Kc5 Bf1 73.Kb6 Kf7 74.Kc6  1/2-1/2

[Event "Skopje ol (Men) prel"]
[Site "Skopje"]
[Date "1972.??.??"]
[Round "5"]
[White "Thorsteinsson, Thorsteinn"]
[Black "Rubinetti, Jorge A"]
[Result "0-1"]
[WhiteElo "2415"]
[BlackElo "2410"]

1.e4 e5 2.Nf3 Nc6 3.Bb5 a6 4.Ba4 Nf6 5.O-O Be7 6.Re1 b5 7.Bb3 d6 8.c3 O-O
9.h3 Nb8 10.d4 Nbd7 11.Nbd2 Bb7 12.Bc2 Re8 13.Nf1 Bf8 14.Ng3 g6 15.Nh2 d5
16.dxe5 Nxe4 17.Nxe4 dxe4 18.Bxe4 Bxe4 19.Rxe4 Nxe5 20.Qxd8 Raxd8 21.Bg5 Nd3
22.Rxe8 Rxe8 23.Ng4 Bg7 24.Rb1 f5 25.Nf6+ Bxf6 26.Bxf6 Re2 27.Rd1 Nxf2 28.Rd8+ Kf7
29.Bd4 Ne4 30.b4 Ke6 31.Rh8 Rc2 32.Rxh7 Nxc3 33.Bc5 Ne4 34.Rxc7 Nxc5 35.bxc5 Rxa2
36.Rc6+ Kf7 37.Rb6 Rc2 38.c6 Ra2 39.c7 Rc2 40.Rxa6 Rxc7 41.Rb6 Rc1+ 42.Kf2 Rb1
43.h4 Rb3 44.g3 Kg7 45.Kg2 Kh6 46.Kf2 Kh5 47.Kg2 b4 48.Kf2 g5 49.hxg5 Kxg5
50.Kg2 Rb1 51.Kf2 Rb3 52.Kg2 f4 53.gxf4+ Kxf4 54.Kf2 Rb2+ 55.Ke1 Ke3 56.Kd1 Kd3
57.Kc1 Kc3 58.Rb8 Rh2 59.Rc8+ Kb3 60.Rb8 Rh1+ 61.Kd2 Rb1 62.Rb7 Ka2 63.Ra7+ Kb2
64.Rb7 b3 65.Rb8 Ra1 66.Rb7 Ra8 67.Rb6 Rd8+ 68.Ke3 Kc2 69.Rc6+ Kb1 70.Ra6 b2
71.Ke2 Rd5 72.Ra8 Kc2 73.Rc8+ Kb3 74.Rb8+ Kc3 75.Ke1 Rd4  0-1

[Event "Skopje ol (Men) fin-A"]
[Site "Skopje"]
[Date "1972.??.??"]
[Round "14"]
[White "Matulovic, Milan"]
[Black "Sznapik, Aleksander"]
[Result "1-0"]
[WhiteElo "2525"]
[BlackElo "2365"]

1.e4 e5 2.Nf3 Nc6 3.Bb5 a6 4.Ba4 Nf6 5.O-O Be7 6.Re1 b5 7.Bb3 d6 8.c3 O-O
9.h3 Nb8 10.a4 Bb7 11.d3 Nbd7 12.axb5 axb5 13.Rxa8 Bxa8 14.Na3 Qb8 15.Nc2 c5
16.Ne3 g6 17.Nh2 c4 18.dxc4 Bxe4 19.Nhg4 Nc5 20.Nxf6+ Bxf6 21.cxb5 Bg5 22.Bd5 Qxb5
23.b4 Bxe3 24.Rxe3 Bxd5 25.Qxd5 Qb7 26.Qxd6 Nb3 27.Re1 Nxc1 28.Rxc1 Qe4 29.b5 Ra8
30.c4 Qf4 31.Qd1 e4 32.Qe1 Ra3 33.Rc3 Ra2 34.c5 Qc7 35.Rc1 Rb2 36.Qxe4  1-0

[Event "Stary Smokovec"]
[Site "Stary Smokovec"]
[Date "1972.??.??"]
[Round "1"]
[White "Kostro, Jerzy"]
[Black "Kovacs, Laszlo M"]
[Result "1/2-1/2"]
[WhiteElo "2385"]
[BlackElo "2400"]

1.e4 e5 2.Nf3 Nc6 3.Bb5 a6 4.Ba4 Nf6 5.O-O Be7 6.Re1 b5 7.Bb3 O-O 8.c3 d6
9.h3 Nb8 10.d4 Nbd7 11.Nbd2 Bb7 12.Bc2 Re8 13.b4 a5 14.Nb3 axb4 15.cxb4 c6
16.Na5 Qc7 17.Nxb7 Qxb7 18.Bb2 Bf8 19.Qd2 h6 20.dxe5 dxe5 21.Bb3 Rad8 22.Rad1 Qb6
23.Bc3 c5 24.bxc5 Bxc5  1/2-1/2

[Event "CSR-ch"]
[Site "Trinec"]
[Date "1972.??.??"]
[Round "4"]
[White "Jansa, Vlastimil"]
[Black "Smejkal, Jan"]
[Result "0-1"]
[WhiteElo "2450"]
[BlackElo "2515"]

1.e4 e5 2.Nf3 Nc6 3.Bb5 a6 4.Ba4 Nf6 5.O-O Be7 6.Re1 b5 7.Bb3 d6 8.c3 O-O
9.h3 Nb8 10.d4 Nbd7 11.Nbd2 Bb7 12.Bc2 Re8 13.Nf1 Bf8 14.Ng3 g6 15.a4 c5
16.d5 c4 17.Be3 Qc7 18.Nd2 Nc5 19.Qe2 Rab8 20.Rec1 Bc8 21.axb5 axb5 22.b3 cxb3
23.Nxb3 Na4 24.Bd3 Bd7 25.Qd2 Rec8 26.c4 b4 27.Ne2 Be8 28.Ra2 Ra8 29.Rca1 Qb7
30.f4 exf4 31.Bd4 Nh5 32.Nxf4 Bh6 33.Be3 Nxf4 34.Bxf4 Bg7 35.Rf1 Qe7 36.Qf2 Nc3
37.Rxa8 Rxa8 38.Qb6 Be5 39.Qxb4 Ra2 40.Bd2 Qa7+  0-1

[Event "CSR-ch"]
[Site "Trinec"]
[Date "1972.??.??"]
[Round "13"]
[White "Hort, Vlastimil"]
[Black "Pribyl, Josef"]
[Result "1-0"]
[WhiteElo "2605"]
[BlackElo "2435"]

1.e4 e5 2.Nf3 Nc6 3.Bb5 a6 4.Ba4 Nf6 5.O-O Be7 6.Re1 b5 7.Bb3 d6 8.c3 O-O
9.h3 Nb8 10.d4 Nbd7 11.c4 c6 12.Nc3 Bb7 13.a3 h6 14.Be3 Re8 15.Rc1 Bf8 16.cxb5 cxb5
17.d5 Rc8 18.Nd2 g6 19.Bc2 Bg7 20.Bd3 Kh7 21.b4 Nb6 22.Nb3 Nc4 23.Bxc4 Rxc4
24.Qd3 Qd7 25.Na5 Rcc8 26.a4 bxa4 27.Nc4 Rb8 28.Nb6 Qd8 29.Ncxa4 Bf8 30.Nc4 Qd7
31.Ra1 Bc8 32.Nab6 Qd8 33.Nxc8 Qxc8 34.Nb6 Qd8 35.Rxa6 Re7 36.Nc4 Rxb4 37.Rxd6 Rd7
38.Rc6 Bd6 39.Rc1 Ne8 40.f3 Qb8 41.Qd2 h5 42.Nb6 Rc7 43.Rxc7 Nxc7 44.Rc6 Nb5
45.Nc4 Rb1+ 46.Kh2 Bb4 47.Qd3 Ra1 48.Rb6 Qe8 49.Nd2 Bxd2 50.Qxd2 Ra4 51.Bg5 Nd4
52.Bf6 Ra3 53.Rd6 Ra8 54.h4 Rc8 55.Qf2 Nb5 56.Rb6 Nd4 57.Rb7 Rc2 58.Qg3 Rd2
59.Re7 Qf8 60.Rd7 g5 61.hxg5 Kg6 62.Rd8 h4 63.Rxf8  1-0

[Event "JUG-ch"]
[Site "Umag"]
[Date "1972.??.??"]
[Round "2"]
[White "Komljenovic, Davor"]
[Black "Matanovic, Aleksandar"]
[Result "0-1"]
[WhiteElo "2200"]
[BlackElo "2515"]

1.e4 e5 2.Nf3 Nc6 3.Bb5 a6 4.Ba4 Nf6 5.O-O Be7 6.Re1 b5 7.Bb3 d6 8.c3 O-O
9.h3 Nb8 10.d4 Nbd7 11.Bg5 Bb7 12.Nbd2 h6 13.Bh4 Re8 14.Bg3 Bf8 15.dxe5 Nxe5
16.Nxe5 dxe5 17.Qe2 c5 18.Rad1 Qb6 19.c4 Rad8 20.Bc2 Bc6 21.b3 Qb7 22.f3 Nh5
23.Bf2 Nf4 24.Qf1 Ne6 25.Nb1 Nd4 26.Bxd4 cxd4 27.cxb5 axb5 28.Bd3 Ra8 29.Re2 Re6
30.Rc2 Be7 31.Qe2 Bg5 32.Nd2 Rg6 33.Nf1 Bd7 34.Kh1 Bf4 35.Qe1 Rc8 36.Rb2 Rc3
37.g3 Bg5 38.h4 Be7 39.Rc2 Rxc2 40.Bxc2 Qa7 41.Bb1 Rc6 42.Rc1 Bb4 43.Qd1 Bc3
44.Qc2 Qc7 45.Qf2 Rc5 46.Bd3 Ba5 47.Rc2 Rc3 48.Rxc3 dxc3 49.Ne3 Qc5 50.Qe1 c2
51.Qc1 Bd2  0-1

[Event "JUG-ch"]
[Site "Umag"]
[Date "1972.??.??"]
[Round "4"]
[White "Nemet, Ivan"]
[Black "Matanovic, Aleksandar"]
[Result "1/2-1/2"]
[WhiteElo "2415"]
[BlackElo "2515"]

1.e4 e5 2.Nf3 Nc6 3.Bb5 a6 4.Ba4 Nf6 5.O-O Be7 6.Re1 b5 7.Bb3 d6 8.c3 O-O
9.h3 Nb8 10.d4 Nbd7 11.Nbd2 Bb7 12.Bc2 Re8 13.Nf1 Bf8 14.Ng3 c5 15.dxe5 Nxe5
16.Nxe5 dxe5 17.Bg5 Re6 18.Qxd8 Rxd8 19.Nh5 Be7 20.Rad1 Red6 21.Nxf6+ Bxf6
22.Bxf6 Rxd1 23.Rxd1 Rxd1+ 24.Bxd1 gxf6 25.f3 Bc8 26.b4 c4 27.Kf2 Kg7 28.f4 Kg6
29.Ke3 Bd7 30.Bg4 Bxg4 31.hxg4 h5 32.gxh5+ Kxh5 33.Kf3 Kh4 34.a3 Kh5 35.Kg3 Kg6
36.Kg4 f5+ 37.exf5+ Kf6 38.fxe5+ Kxe5 39.Kg5 Ke4 40.Kf6 Kd3 41.Kxf7 Kxc3
42.Ke6 Kb2 43.f6 c3 44.f7 c2 45.f8=Q c1=Q 46.Qf3 Qc7 47.g4 Qc8+ 48.Kf7 Qd7+
49.Kg6 Qe8+ 50.Kh7 Qe7+ 51.Kh6 Qe6+ 52.Kh5 Qe8+ 53.Kh4 Qh8+ 54.Kg3 Qe5+ 55.Kh3 Qg5
56.Kg2 Qg7 57.Kh2 Qe5+ 58.Kg2 Qg7 59.Kf2 Qd4+ 60.Ke1 Qg7 61.Ke2 Ka2 62.Qg3 Qg5
63.Kd1 Kb2 64.Qf3 Qg7 65.Ke1 Qg5 66.Ke2 Qg7 67.Kf2 Qd4+ 68.Kg3 Qe5+ 69.Qf4 Qc3+
70.Kg2 Kxa3 71.g5 Ka4 72.Qf6 Qd2+ 73.Kf3 Qd3+ 74.Kf4 Qc4+ 75.Ke5 Qc3+ 76.Kd6 Qxb4+
77.Kc7 Qc4+ 78.Kb6 b4 79.g6 Qc3 80.Qf7 Qd4+ 81.Kc6 Qd3 82.Kb6 Qd4+ 83.Kc6  1/2-1/2

[Event "JUG-ch"]
[Site "Umag"]
[Date "1972.??.??"]
[Round "7"]
[White "Matulovic, Milan"]
[Black "Matanovic, Aleksandar"]
[Result "0-1"]
[WhiteElo "2525"]
[BlackElo "2515"]

1.e4 e5 2.Nf3 Nc6 3.Bb5 a6 4.Ba4 Nf6 5.O-O Be7 6.Re1 b5 7.Bb3 d6 8.c3 O-O
9.h3 Nb8 10.a4 Bb7 11.d3 Nbd7 12.axb5 axb5 13.Rxa8 Bxa8 14.Na3 Bc6 15.Nc2 Nc5
16.Ba2 Qa8 17.Nb4 Bd7 18.Bg5 Ne6 19.Bh4 c5 20.Nd5 Nxd5 21.Bxd5 Qd8 22.Bg3 Qb6
23.Qc2 Nc7 24.Bb3 Bf6 25.Ra1 Bc6 26.Nh2 Qb7 27.Ng4 Be7 28.f3 h5 29.Ne3 g6
30.f4 c4 31.dxc4 Bxe4 32.Qf2 bxc4 33.fxe5 d5 34.Bd1 Bc5 35.Bf4 Ne6 36.Bh6 Rb8
37.Bf3 d4 38.cxd4 Bxd4 39.Bxe4 Qxe4 40.Rf1 Kh7 41.Qxf7+  0-1

[Event "JUG-ch"]
[Site "Umag"]
[Date "1972.??.??"]
[Round "19"]
[White "Minic, Dragoljub"]
[Black "Matanovic, Aleksandar"]
[Result "1/2-1/2"]
[WhiteElo "2460"]
[BlackElo "2515"]

1.e4 e5 2.Nf3 Nc6 3.Bb5 a6 4.Ba4 Nf6 5.O-O Be7 6.Re1 b5 7.Bb3 d6 8.c3 O-O
9.h3 Nb8 10.d4 Nbd7 11.Nbd2 Bb7 12.Bc2 Re8 13.Nf1 Bf8 14.Ng3 g6 15.a4 c5
16.d5 Bg7 17.axb5 axb5 18.Rxa8  1/2-1/2

[Event "EU-chT"]
[Site "Bath"]
[Date "1973.??.??"]
[Round "4"]
[White "Matanovic, Aleksandar"]
[Black "Karpov, Anatoly"]
[Result "1/2-1/2"]
[WhiteElo "2490"]
[BlackElo "2660"]

1.e4 e5 2.Nf3 Nc6 3.Bb5 a6 4.Ba4 Nf6 5.O-O Be7 6.Re1 b5 7.Bb3 d6 8.c3 O-O
9.h3 Nb8 10.d4 Nbd7 11.Nbd2 Bb7 12.Bc2 Re8 13.b4 Bf8 14.a4 a5 15.bxa5 Rxa5
16.Rb1 Ba6 17.axb5 Rxb5 18.Ra1 Rb6 19.Bb3 h6 20.Qe2 Bb7 21.Ba4 Ra6 22.Bb2 Qa8
23.Bb5 Rxa1 24.Rxa1 Qc8 25.Re1 Qa8 26.Ra1 Qc8 27.Re1  1/2-1/2

[Event "DSV-Turnier"]
[Site "Leipzig"]
[Date "1973.??.??"]
[Round "5"]
[White "Balashov, Yuri S"]
[Black "Vogt, Lothar"]
[Result "1-0"]
[WhiteElo "2580"]
[BlackElo "2440"]

1.e4 e5 2.Nf3 Nc6 3.Bb5 a6 4.Ba4 Nf6 5.O-O Be7 6.Re1 b5 7.Bb3 d6 8.c3 O-O
9.h3 Nb8 10.d4 Nbd7 11.Nbd2 Bb7 12.Bc2 Re8 13.Nf1 Bf8 14.Ng3 g6 15.a4 c5
16.d5 c4 17.Bg5 h6 18.Be3 Qc7 19.Qd2 Kh7 20.Nh2 Bg7 21.Rf1 Re7 22.Ng4 Ng8
23.f4 exf4 24.Rxf4 Ne5 25.Nxe5 Bxe5 26.Rf3 b4 27.Raf1 bxc3 28.bxc3 Kg7 29.Ne2 Bc8
30.Bd4 Rb8 31.Kh1 Qd8 32.Qc1 Rbb7 33.Qa3 a5 34.Be3 Bd7 35.Nd4 Be8 36.Bf4 Bxf4
37.Rxf4 Qb6 38.R4f3 Rec7 39.Qc1 Re7 40.Qf4 Qd8 41.Qh4 Rb8 42.g4 Rc7 43.Qg3 Kh8
44.e5 dxe5 45.Qxe5+ f6 46.Rxf6 Nxf6 47.Rxf6 Rg7 48.Ne6  1-0

[Event "CSR-ch"]
[Site "Luhacovice"]
[Date "1973.??.??"]
[Round "6"]
[White "Banas, Jan"]
[Black "Kholmov, Ratmir D"]
[Result "0-1"]
[WhiteElo "2365"]
[BlackElo "2550"]

1.e4 e5 2.Nf3 Nc6 3.Bb5 a6 4.Ba4 Nf6 5.O-O Be7 6.Re1 b5 7.Bb3 d6 8.c3 O-O
9.h3 Nb8 10.d4 Nbd7 11.Nbd2 Bb7 12.Bc2 c5 13.d5 Nb6 14.Nf1 Bc8 15.Ng3 Bd7
16.Nxe5 dxe5 17.d6 Re8 18.dxe7 Qxe7 19.Qf3 h6 20.Nf5 Bxf5 21.exf5 Rad8 22.g4 e4
23.Qg3 Nc4 24.Re2 Ne5 25.Be3 c4 26.Kh1 Nd3 27.h4 Qd6 28.Qh3 Nd5 29.Rd2 Nxb2
30.g5 Nd3 31.Rg1 h5 32.g6 f6 33.Bd1 Nxe3 34.Qxe3 Qe5 35.Bxh5 Qxc3 36.Re2 Qd4
37.Qg3 Qe5 38.Qg4 Rd5 39.f3 e3  0-1

[Event "Pinamar tt"]
[Site "Pinamar"]
[Date "1973.??.??"]
[Round "5"]
[White "Juarez, Carlos Eleodoro"]
[Black "Rubinetti, Jorge A"]
[Result "1/2-1/2"]
[WhiteElo "2320"]
[BlackElo "2410"]

1.e4 e5 2.Nf3 Nc6 3.Bb5 a6 4.Ba4 Nf6 5.O-O Be7 6.Re1 b5 7.Bb3 d6 8.c3 O-O
9.h3 Nb8 10.d4 Nbd7 11.Nbd2 Bb7 12.Bc2 Re8 13.Nf1 Bf8 14.Ng3 g6 15.b3 c5
16.d5 Bg7 17.a4 Nb6 18.Nd2 Bc8 19.axb5 axb5 20.Rxa8 Nxa8 21.b4 c4 22.Nf3 Nc7
23.Be3 Bd7 24.Qa1 Qa8 25.Bb6 Qxa1 26.Rxa1 Ra8 27.Rxa8+ Nxa8  1/2-1/2

[Event "Sochi"]
[Site "Sochi"]
[Date "1973.??.??"]
[Round "1"]
[White "Hennings, Artur"]
[Black "Spassky, Boris V"]
[Result "0-1"]
[WhiteElo "2475"]
[BlackElo "2660"]

1.e4 e5 2.Nf3 Nc6 3.Bb5 a6 4.Ba4 Nf6 5.O-O Be7 6.Re1 b5 7.Bb3 d6 8.c3 O-O
9.h3 Nb8 10.d4 Nbd7 11.Nbd2 Bb7 12.Bc2 Re8 13.b4 Bf8 14.a4 Nb6 15.Bb2 exd4
16.cxd4 Nxa4 17.Bxa4 bxa4 18.d5 c6 19.Nc4 cxd5 20.Na5 Nxe4 21.Nd4 Bc8 22.f3 Ng5
23.Nac6 Qd7 24.Qd2 Ne6 25.f4 Nxd4 26.Nxd4 Bb7 27.Ra3 Rxe1+ 28.Qxe1 Re8 29.Qf2 Qe7
30.Kh2 Qe1 31.Qc2 Qe4 32.Qf2 g6 33.Rc3 Bh6 34.Rc7 Re7 35.Rxe7 Qxe7 36.Ne2 Qe4
37.Bd4 Bg7 38.Bxg7 Kxg7 39.Nd4 a3 40.f5 Qe5+  0-1

[Event "Sochi"]
[Site "Sochi"]
[Date "1973.??.??"]
[Round "11"]
[White "Spassky, Boris V"]
[Black "Kholmov, Ratmir D"]
[Result "1-0"]
[WhiteElo "2660"]
[BlackElo "2550"]

1.e4 e5 2.Nf3 Nc6 3.Bb5 a6 4.Ba4 Nf6 5.O-O Be7 6.Re1 b5 7.Bb3 d6 8.c3 O-O
9.h3 Nb8 10.d4 Nbd7 11.Nbd2 Bb7 12.Bc2 Re8 13.Nf1 Bf8 14.Ng3 g6 15.a4 c5
16.d5 c4 17.Be3 Nc5 18.Qe2 Rb8 19.Ra3 Bc8 20.axb5 axb5 21.Rea1 Bb7 22.Nd2 Ba8
23.b3 cxb3 24.Nxb3 Nfd7 25.Nd2 Be7 26.Ngf1 Bg5 27.Rxa8 Rxa8 28.Rxa8 Qxa8
29.Bxg5 Qa1 30.Qxb5 Qxc3 31.Bd1 Rb8 32.Qc6 Rb6 33.Qc7 Kg7 34.Bg4 Nxe4 35.Qxd7 Nxg5
36.h4 Qd4 37.hxg5 Qxd5 38.Bf3 Qd3 39.Ne4 Rb1 40.Nxd6 Rxf1+ 41.Kh2 Qb3  1-0

[Event "URS-ch sf"]
[Site "Tbilisi"]
[Date "1973.??.??"]
[Round "2"]
[White "Tseshkovsky, Vitaly"]
[Black "Furman, Semen Abramovich"]
[Result "1/2-1/2"]
[WhiteElo "2520"]
[BlackElo "2540"]

1.e4 e5 2.Nf3 Nc6 3.Bb5 a6 4.Ba4 Nf6 5.O-O Be7 6.Re1 b5 7.Bb3 d6 8.c3 O-O
9.h3 Nb8 10.d4 Nbd7 11.Nbd2 Bb7 12.Bc2 Re8 13.Nf1 Bf8 14.Ng3 g6 15.Bd2 Bg7
16.Qc1 Qe7 17.Bh6 Bxh6 18.Qxh6 Qf8 19.Qd2 c5 20.a4 Nb6 21.dxe5 dxe5 22.Qg5 Nfd7
23.a5 Nc8 24.Red1 h6 25.Qh4 Bc6 26.Nh2 h5 27.Qg5 Qe7 28.Qh6 Qf8 29.Qe3 Nf6
30.Nf3 Ra7 31.Rd2 Rd7 32.Rad1 Qe7 33.Qh6 Qf8 34.Qg5 Nh7 35.Qe3 Nf6 36.Bb3 c4
37.Bc2 Rxd2 38.Rxd2 Nd7 39.b4 Qe7 40.Rd1 Qf6 41.Qh6 Qg7 42.Qe3 Re6  1/2-1/2

[Event "URS-JUG"]
[Site "Tbilisi"]
[Date "1973.??.??"]
[Round "3"]
[White "Geller, Efim P"]
[Black "Ivkov, Borislav"]
[Result "1-0"]
[WhiteElo "2605"]
[BlackElo "2520"]

1.e4 e5 2.Nf3 Nc6 3.Bb5 a6 4.Ba4 Nf6 5.O-O Be7 6.Re1 b5 7.Bb3 d6 8.c3 O-O
9.h3 Nb8 10.d4 Nbd7 11.Nbd2 Bb7 12.Bc2 c5 13.Nf1 Re8 14.Ng3 Bf8 15.d5 g6
16.Bg5 Bg7 17.Qd2 Nb6 18.Bd3 c4 19.Bc2 Nbd7 20.Nh2 Qe7 21.Ng4 Qf8 22.Nh6+ Kh8
23.Re2 Ng8 24.Nxg8 Kxg8 25.Rf1 f6 26.Be3 Qe7 27.Ree1 Bc8 28.b3 Nf8 29.bxc4 bxc4
30.Rb1 Bd7 31.Rb6 Rec8 32.Rfb1 Be8 33.Qc1 Nd7 34.Rb7 Qd8 35.Ba4 Nc5 36.Bxc5 Bxa4
37.Qa3 Rxc5 38.Qxa4 Bf8 39.Nf1 Qa5 40.Qd7  1-0

[Event "URS-ch sf"]
[Site "Tbilisi"]
[Date "1973.??.??"]
[Round "4"]
[White "Razuvaev, Yuri S"]
[Black "Furman, Semen Abramovich"]
[Result "1/2-1/2"]
[WhiteElo "2510"]
[BlackElo "2540"]

1.e4 e5 2.Nf3 Nc6 3.Bb5 a6 4.Ba4 Nf6 5.O-O Be7 6.Re1 b5 7.Bb3 d6 8.c3 O-O
9.h3 Nb8 10.d4 Nbd7 11.Nbd2 Bb7 12.Bc2 Re8 13.Nf1 Bf8 14.Ng3 g6 15.a4 c5
16.d5 c4 17.Be3 Qc7 18.Qe2 Nc5 19.Ra3 Bg7 20.Rea1 Rec8 21.Nd2 Qd8 22.R1a2 Nfd7
23.Qd1 Nb6 24.axb5 axb5 25.Qa1 Rxa3 26.Rxa3 Ra8 27.Ngf1 Bf8 28.Nb1 Qb8 29.Ra5 Bc8
30.Qa3 Bd7 31.Nfd2  1/2-1/2

[Event "URS-ch sf"]
[Site "Tbilisi"]
[Date "1973.??.??"]
[Round "13"]
[White "Klovans, Janis"]
[Black "Furman, Semen Abramovich"]
[Result "1/2-1/2"]
[WhiteElo "2480"]
[BlackElo "2540"]

1.e4 e5 2.Nf3 Nc6 3.Bb5 a6 4.Ba4 Nf6 5.O-O Be7 6.Re1 b5 7.Bb3 d6 8.c3 O-O
9.h3 Nb8 10.d4 Nbd7 11.Nbd2 Bb7 12.Bc2 Re8 13.Nf1 Bf8 14.Ng3 g6 15.Bg5 h6
16.Bd2 Bg7 17.a4 c5 18.d5 c4 19.Nh2 h5 20.Ngf1 Nh7 21.Nf3 Rb8 22.Be3 Qc7
23.N1d2 Nc5 24.Qe2 Bc8 25.axb5 axb5 26.Ra2 Bd7 27.Rea1 Rec8 28.Ra7 Rb7 29.Ra8 Rbb8
30.R8a7 Rb7  1/2-1/2

[Event "IBM-B"]
[Site "Amsterdam"]
[Date "1974.??.??"]
[Round "1"]
[White "Enklaar, Bertus F"]
[Black "Hartoch, Robert G"]
[Result "1/2-1/2"]
[WhiteElo "2425"]
[BlackElo "2370"]

1.e4 e5 2.Nf3 Nc6 3.Bb5 a6 4.Ba4 Nf6 5.O-O Be7 6.Re1 b5 7.Bb3 O-O 8.c3 d6
9.h3 Nb8 10.d4 Nbd7 11.Nbd2 Bb7 12.Bc2 Re8 13.Nf1 Bf8 14.Ng3 g6 15.b3 c5
16.d5 Qb6 17.a4 Reb8 18.Be3 Ne8 19.Qe2 Bc8 20.b4 Qb7 21.Rab1 c4 22.Nh2 Bg7
23.h4 h5 24.Qd2 Ndf6 25.Ra1 Qe7 26.Ra2 Bd7 27.Rea1 Nc7 28.Bh6 Nh7 29.Bxg7 Kxg7
30.Nf3 Bg4 31.Ng5 Nf8 32.Bd1 Bxd1 33.Qxd1 f6 34.Nf3 Nd7 35.axb5 axb5 36.Rxa8 Nxa8
37.Ra7 Nab6 38.Qa1 Qd8 39.Nd2 Ra8 40.Ra5 Rxa5  1/2-1/2

[Event "Nice olm fin-A"]
[Site "Nice"]
[Date "1974.??.??"]
[Round "1"]
[White "Tringov, Georgi P"]
[Black "Ivkov, Borislav"]
[Result "1/2-1/2"]
[WhiteElo "2465"]
[BlackElo "2530"]

1.e4 e5 2.Nf3 Nc6 3.Bb5 a6 4.Ba4 Nf6 5.O-O Be7 6.Re1 b5 7.Bb3 O-O 8.c3 d6
9.h3 Nb8 10.d4 Nbd7 11.Nbd2 Bb7 12.Bc2 c5 13.d5 Re8 14.Nf1 Bf8 15.Ng3 g6
16.a4 Nb6 17.a5 Nbd7 18.b4 Bg7 19.Ba3 Rc8 20.Bd3 Re7 21.Rb1 c4 22.Bc2 Nf8  1/2-1/2